<?xml version="1.0" encoding="UTF-8"?>
<record
    xmlns:xsi="http://www.w3.org/2001/XMLSchema-instance"
    xsi:schemaLocation="http://www.loc.gov/MARC21/slim http://www.loc.gov/standards/marcxml/schema/MARC21slim.xsd"
    xmlns="http://www.loc.gov/MARC21/slim">

  <leader>01712nam a2200277 a 4500</leader>
  <controlfield tag="001">000024571</controlfield>
  <controlfield tag="005">20240731114020.0</controlfield>
  <controlfield tag="008">110131s1984    mx      r     000 | spa d</controlfield>
  <datafield tag="020" ind1=" " ind2=" ">
    <subfield code="a">968409261X</subfield>
  </datafield>
  <datafield tag="040" ind1=" " ind2=" ">
    <subfield code="a">DO-SdBNP</subfield>
    <subfield code="b">spa</subfield>
    <subfield code="c">BNPHU</subfield>
  </datafield>
  <datafield tag="041" ind1="1" ind2="7">
    <subfield code="a">eng</subfield>
    <subfield code="h">spa</subfield>
    <subfield code="2">C&#xF3;digo de idioma MARC</subfield>
  </datafield>
  <datafield tag="082" ind1=" " ind2=" ">
    <subfield code="a">330.15</subfield>
    <subfield code="b">C764&#xF3;</subfield>
  </datafield>
  <datafield tag="245" ind1="0" ind2="3">
    <subfield code="a">El control de la oferta :</subfield>
    <subfield code="b">la reactivaci&#xF3;n de la econom&#xED;a mediante est&#xED;mulos gubernamentales a la producci&#xF3;n /</subfield>
    <subfield code="c">compilaci&#xF3;n David G. Raboy; traducci&#xF3;n Aurora Merino.</subfield>
  </datafield>
  <datafield tag="260" ind1=" " ind2=" ">
    <subfield code="a">M&#xE9;xico, D. F. :</subfield>
    <subfield code="b">Ediciones Asociados Mexicanos ,</subfield>
    <subfield code="c">1984.</subfield>
  </datafield>
  <datafield tag="300" ind1=" " ind2=" ">
    <subfield code="a">217 p. ;</subfield>
    <subfield code="c">20 cm.</subfield>
  </datafield>
  <datafield tag="500" ind1=" " ind2=" ">
    <subfield code="a">Incluye referencia bibliogr&#xE1;fica al pie de p&#xE1;ginas</subfield>
  </datafield>
  <datafield tag="505" ind1="0" ind2=" ">
    <subfield code="t">Prefacio /</subfield>
    <subfield code="r">Edwin J. Feulner, Jr.</subfield>
    <subfield code="t">Introducci&#xF3;n /</subfield>
    <subfield code="r">David G. Raboy</subfield>
    <subfield code="t">An&#xE1;lisis de control de la oferta y la pol&#xED;tica p&#xFA;blica /</subfield>
    <subfield code="r">Norman B. Ture</subfield>
    <subfield code="t">Antecedentes te&#xF3;ricos de la econom&#xED;a por control de la oferta /</subfield>
    <subfield code="r">David G. Raboy</subfield>
    <subfield code="t">Expectativas relacionales y econom&#xED;a por control de la oferta: &#xBF;pareja dispareja? /</subfield>
    <subfield code="r">David G. Tuerck</subfield>
    <subfield code="t">El sistema de empresa, la democracia y bienestar general: acercamiento a la reconciliaci&#xF3;n /</subfield>
    <subfield code="r">Richard E. Wagner</subfield>
    <subfield code="t">Impuestos, ahorro y oferta de mano de obra: teor&#xED;a y evidencia de distorsiones /</subfield>
    <subfield code="r">Mai Nuyen Woo</subfield>
    <subfield code="t">De la econom&#xED;a Antitrust a la del control de la oferta: la extra&#xF1;a historia de intervenci&#xF3;n federal en la econom&#xED;a /</subfield>
    <subfield code="r">Naoimi R. Lamoreaux</subfield>
  </datafield>
  <datafield tag="534" ind1=" " ind2=" ">
    <subfield code="a">T&#xED;tulo original :</subfield>
    <subfield code="t">Supply side economics</subfield>
  </datafield>
  <datafield tag="650" ind1=" " ind2="4">
    <subfield code="a">Teoria econ&#xF3;mica</subfield>
    <subfield code="9">30923</subfield>
  </datafield>
  <datafield tag="650" ind1=" " ind2="4">
    <subfield code="a">Liberalizaci&#xF3;n econ&#xF3;mica</subfield>
    <subfield code="9">10390</subfield>
  </datafield>
  <datafield tag="650" ind1=" " ind2="0">
    <subfield code="a">Econom&#xED;a pol&#xED;tica</subfield>
    <subfield code="9">5976</subfield>
  </datafield>
  <datafield tag="650" ind1=" " ind2="4">
    <subfield code="a">Sistemas econ&#xF3;micos</subfield>
    <subfield code="9">7422</subfield>
  </datafield>
  <datafield tag="700" ind1="1" ind2=" ">
    <subfield code="a">Raboy, David G.</subfield>
    <subfield code="e">comp.</subfield>
    <subfield code="9">50383</subfield>
  </datafield>
  <datafield tag="700" ind1="1" ind2=" ">
    <subfield code="a">Merino, Aurora</subfield>
    <subfield code="e">tr.</subfield>
    <subfield code="9">49136</subfield>
  </datafield>
  <datafield tag="049" ind1=" " ind2=" ">
    <subfield code="a">BNGR</subfield>
  </datafield>
  <datafield tag="952" ind1=" " ind2=" ">
    <subfield code="0">0</subfield>
    <subfield code="1">0</subfield>
    <subfield code="5">4</subfield>
    <subfield code="7">0</subfield>
    <subfield code="8">MO</subfield>
    <subfield code="a">GR</subfield>
    <subfield code="b">GR</subfield>
    <subfield code="c">CT</subfield>
    <subfield code="d">2011-01-31</subfield>
    <subfield code="i">LF1</subfield>
    <subfield code="l">0</subfield>
    <subfield code="o">330.15 C764&#xF3;</subfield>
    <subfield code="p">24571-10</subfield>
    <subfield code="r">2020-06-25</subfield>
    <subfield code="w">2020-06-25</subfield>
    <subfield code="y">4</subfield>
    <subfield code="Z">Pr&#xE9;stamo en sala</subfield>
  </datafield>
  <datafield tag="999" ind1=" " ind2=" ">
    <subfield code="c">24064</subfield>
    <subfield code="d">24064</subfield>
  </datafield>
</record>
